00669nam a22001817a 450000500170000002000250001703700210004210000270006324500670009026000280015727000500018530000470023549000240028270000250030694200170033199900170034895201220036520111212115848.0 a9780007244430c75.00 bBlueberry Books  aLandman, Tanya 936779 aThe little egg /cby Tanya Landman; illustrated by Shoo Rayner aLondon bCollins c2007 a77-85 Fulhom Palace Road, HammersmithbLondon aLevel 2-book B (24p.) bill. c20cm(pbk)  aRead at home936780 a Rayner, Shoo936778 2ddccCHmLAN c59268d59268 00103Level 2-bo4070aAGbAGd2011-12-12g75.00l0oLANr2011-12-12 00:00:00v75.00w2011-12-12yCHzLevel 2-book B